Dog Show Terminology - Statistics

General Stats
  • This quiz has been taken 8 times
  • The average score is 8 of 15
Answer Stats
Hint Answer % Correct
What is the top award given to a dog at a dog show? Best in Show
100%
What do you call the process of prepping you dog for showing? Grooming
83%
What do you call the person who is showing the dog? Handler
83%
What is the person called who places the dogs in order of merit? Judge
83%
What do you call the person showing the dog if they are under 18? Junior Handler
67%
What do you call the process of puttingthe dogs feet in the correct spots? Stack/Stacking
67%
What do you call the winner of each typeof dog? Best of Breed
50%
What is the word used to describe a dogs movement? Gait
50%
What do you call the collection of papers thatthat tell you what time you will show? Judging Program
50%
What do you call the place you prep your dogs and keep them when not showing? Setup
50%
What do you call the list of requirements a dog is being measured against? Breed Standard
33%
What is the term for the person who calls people in the ring according to their numbers? Ring Steward
33%
What do you call the organization that hosts theshow? Club
17%
What do you call the company what handles thepaperwork for the show? Superintendent
17%
What award must a dog win to acquire points? Winners
17%
No matching quizzes found
Score Distribution
Percent of People with Each Score
Percentile by Number Answered
Your Score History
You have not taken this quiz